Factors of regional competitiveness

Salvato in:
Dettagli Bibliografici
Autore principale: Ručinská, Silvia
Altri autori: Ručinský, Rastislav
Natura: Capitolo di libro
Lingua:inglese
Tags: Aggiungi Tag
Nessun Tag, puoi essere il primo ad aggiungerne!!

MARC

LEADER 00000nla$a2200000$$$4500
001 0120419
005 20240502072343.2
041 0 |a eng 
044 |a SK 
245 1 0 |a Factors of regional competitiveness  |c Silvia Ručinská, Rastislav Ručinský 
100 1 |a Ručinská, Silvia 
700 1 |a Ručinský, Rastislav